Геология нефти и природного газа: пер. с англ.

Dades bibliogràfiques
Autor principal: Лиллей Э. Р.
Sumari:В книге известного американского специалиста по геологии нефти Э. Р. Лиллея, профессора Нью-Йоркского университета, излагаются все основные вопросы нефтяной геологии, как-то: различные взгляды на происхождение нефти, характер нефтеносных пород и условия образования нефтяных и газовых залежей, распределение нефти по отдельным геологическим формациям применительно к геологической истории каждой эпохи, методы изображения геологического строения нефтяных месторождений, общая характеристика тектонических форм, благоприятных для скоплений нефти и газа, - и дается систематическое описание всех многообразных типов нефтяных структур. Особенностью книги является изложение описания нефтяных месторождений по генетическому признаку
Idioma:rus
Publicat: Ленинград, Главная редакция горно-топливной и геолого- разведочной литературы, 1938
Matèries:
Format: MixedMaterials Llibre
KOHA link:https://koha.lib.tpu.ru/cgi-bin/koha/opac-detail.pl?biblionumber=374727

MARC

LEADER 00000nam0a2200000 4500
001 374727
005 20231102012656.0
035 |a (RuTPU)RU\TPU\retro\32161 
035 |a RU\TPU\book\250661 
090 |a 374727 
100 |a 20221219d1938 k y0rusy50 ca 
101 1 |a rus  |c eng 
102 |a RU 
105 |a a z 000zy 
200 1 |a Геология нефти и природного газа  |e пер. с англ.  |f Э. Р. Лиллей 
210 |a Ленинград  |a Москва  |c Главная редакция горно-топливной и геолого- разведочной литературы  |d 1938 
215 |a 484 с.  |c ил. 
317 |5 63413507: КР-35  |a Поступила в НТБ в 2004 г. в составе книжного собрания профессора ТПИ К. В. Радугина 
330 |a В книге известного американского специалиста по геологии нефти Э. Р. Лиллея, профессора Нью-Йоркского университета, излагаются все основные вопросы нефтяной геологии, как-то: различные взгляды на происхождение нефти, характер нефтеносных пород и условия образования нефтяных и газовых залежей, распределение нефти по отдельным геологическим формациям применительно к геологической истории каждой эпохи, методы изображения геологического строения нефтяных месторождений, общая характеристика тектонических форм, благоприятных для скоплений нефти и газа, - и дается систематическое описание всех многообразных типов нефтяных структур. Особенностью книги является изложение описания нефтяных месторождений по генетическому признаку 
606 1 |a Нефтегазовые месторождения  |x Геология  |2 stltpush  |3 (RuTPU)RU\TPU\subj\68603  |9 83810 
610 1 |a нефть 
610 1 |a газ 
610 1 |a природный газ 
610 1 |a месторождения 
610 1 |a минеральные битумы 
610 1 |a происхождение 
610 1 |a геологические условия 
610 1 |a геологическая история 
610 1 |a США 
610 1 |a нефтематеринские породы 
610 1 |a накопление 
610 1 |a нефтяные структуры 
610 1 |a свойства 
610 1 |a соляные структуры 
610 1 |a нефтяные залежи 
610 1 |a библиотека К. В. Радугина 
675 |a 553.98  |v 3 
700 1 |a Лиллей  |b Э. Р. 
801 1 |a RU  |b 63413507  |c 20130117 
801 2 |a RU  |b 63413507  |c 20221219  |g RCR 
942 |c BK